| Tag |
First Indicator |
Second Indicator |
Subfields |
| LEADER |
00000cam a2200000 4500 |
| 001 |
in00000066096 |
| 005 |
20151008051245.0 |
| 008 |
721130s1943 ilu b 00000 eng u |
| 010 |
|
|
|a 43000266
|
| 035 |
|
|
|a (OCoLC)00504900
|
| 035 |
|
|
|9 AAG6798AM
|
| 040 |
|
|
|c WSU
|d TXA
|d UtOrBLW
|
| 049 |
|
|
|a TXAM
|c [113608]
|
| 050 |
|
0 |
|a JX1938
|b .H43
|
| 092 |
|
|
|a 341.1
|b H487p
|
| 100 |
1 |
|
|a Hemleben, Sylvester John.
|
| 245 |
1 |
0 |
|a Plans for world peace through six centuries /
|c by Sylvester John Hemleben ...
|
| 264 |
|
1 |
|a Chicago, Ill. :
|b The University of Chicago press,
|c [1943]
|
| 300 |
|
|
|a 227 pages
|
| 336 |
|
|
|a text
|b txt
|2 rdacontent
|
| 337 |
|
|
|a unmediated
|b n
|2 rdamedia
|
| 338 |
|
|
|a volume
|b nc
|2 rdacarrier
|
| 504 |
|
|
|a Bibliography: pages 195-222.
|
| 650 |
|
0 |
|a Peace.
|
| 650 |
|
0 |
|a International relations
|x History.
|
| 650 |
|
0 |
|a Security, International.
|
| 999 |
|
|
|a MARS
|
| 999 |
f |
f |
|s e7e5e710-7cfa-3ead-a325-504fb3a7f9be
|i 6fedb7a1-85bd-36d5-93e4-6afec7b27944
|t 0
|
| 952 |
f |
f |
|p ric
|a Texas A&M University
|b Rellis Campus
|c Joint Library Facility
|d Remote Storage
|t 0
|e JX1938 .H43
|h Library of Congress classification
|i unmediated -- volume
|m A14800782154
|
| 998 |
f |
f |
|a JX1938 .H43
|t 0
|l Remote Storage
|